Fashion marketing and PR

Bibliographic Details
Main Author: Costantino, Maria
Format: Book
Published: London : Fashion Files , 1998
Subjects:

MARC

LEADER 00000cam a2200000 7i4500
001 0000019635
005 20080618.0
008 080618
020 |a 0713483342 
090 0 0 |a 687.0688   |b COS 
100 1 |a Costantino, Maria 
245 1 0 |a Fashion marketing and PR   |c Maria Costantino 
260 |a London :   |b Fashion Files ,   |c 1998 
650 0 |a Clothing trade 
650 0 |a Fashion marketing 
650 0 |a Fashion merchandising 
999 |a 0001025450   |b Book   |c REFERENCE   |e Perbadanan Perpustakaan Awam Johor